[Event "jogar, jogar sempre "]
[Site "http://www.queenalice.com/game.php?id=283483"]
[Date "2007.10.9"]
[Round "-"]
[White "Saulo12"]
[Black "theblackfox"]
[Result "0-1"]
[WhiteElo "901"]
[BlackElo "1621"]

1. e4 d5 2. exd5 Qxd5 3. Qf3 Qe5+ 4. Be2 Nc6 5. c4 Nb4 6. Qb3 a5 7. Qa4+ Bd7 8.
Qb3 Nf6 9. Nf3 Qe4 10. d3 Nxd3+ 11. Kf1 Nxc1 12. Qxb7 Qxb7 13. Nc3 Qxb2 14. Rxc1
Qxc1+ 15. Bd1 Qxc3 16. a4 Qxc4+ 17. Be2 Qxa4 18. h4 Bb5 19. Bxb5+ Qxb5+ 20. Ke1
Qb1+ 21. Kd2 Qxh1 22. Ke2 Qxg2 23. Nd4 Qe4+ 24. Kd2 Qxd4+ 25. Ke2 Ng4 26. Kf3
Nxf2 27. Kg3 Qe3+ 28. Kg2 e5 29. h5 f5 30. Kf1 Nh3 0-1

[Event "Challenge"]
[Site "http://www.queenalice.com/game.php?id=285250"]
[Date "2007.10.12"]
[Round "-"]
[White "julisses"]
[Black "Saulo12"]
[Result "0-1"]
[WhiteElo "1573"]
[BlackElo "925"]

1. e4 Nf6 2. d3 c5 3. b3 g6 4. Bb2 Qa5+ 5. Bc3 Qb6 6. Nf3 d6 7. Ng5 Bh6 8. Qd2
e5 9. b4 Bxg5 10. Qxg5 Ke7 11. bxc5 Qxc5 12. f4 Qe3+ 13. Be2 h6 14. Qh4 Qc1+ 15.
Bd1 Qxf4 16. Qxf4 exf4 17. e5 dxe5 18. Bxe5 g5 19. Rf1 Nc6 20. g3 Nxe5 21. gxf4
gxf4 22. Rxf4 Nfg4 23. Bxg4 Nxg4 24. Rxg4 Bxg4 25. Nc3 Rac8 26. Nd5+ Kd6 27. Ne3
Bh3 28. a4 Rhe8 29. Kd2 a6 30. c4 Rf8 31. Rb1 f5 32. Rb6+ Rc6 33. Rxb7 f4 34.
Nd5 Bc8 35. Rh7 f3 36. Rxh6+ Be6 37. Nf4 Rxf4 38. h4 f2 39. Ke3 f1=Q 40. Rh8 Kd7
41. h5 Qc1+ 42. Ke2 Bg4# 0-1

[Event "Challenge"]
[Site "http://www.queenalice.com/game.php?id=288358"]
[Date "2007.10.17"]
[Round "-"]
[White "Saulo12"]
[Black "CJ"]
[Result "0-1"]
[WhiteElo "901"]
[BlackElo "1270"]

1. e4 e6 2. a4 Qf6 3. Be2 Bc5 4. Ra3 Bxa3 5. bxa3 Nh6 6. Nh3 Ng4 7. Bxg4 h5 8.
Bf3 Nc6 9. O-O Nd4 10. c3 Nxf3+ 11. gxf3 e5 12. c4 g5 13. Bb2 g4 14. fxg4 d6 15.
gxh5 Bxh3 16. Nc3 Rg8+ 17. Kh1 Qg5 18. Ne2 Qg2# 0-1

[Event "Let's Play Chess!"]
[Site "http://www.queenalice.com/game.php?id=293591"]
[Date "2007.10.26"]
[Round "-"]
[White "TheBigSid"]
[Black "Saulo12"]
[Result "1-0"]
[WhiteElo "1826"]
[BlackElo "896"]

1. d4 c6 2. c4 Qa5+ 3. Nc3 f5 4. Nf3 d5 5. e3 dxc4 6. Ne5 Nf6 7. Bxc4 Nbd7 8.
Bf7+ Kd8 9. Be6 Nxe5 10. dxe5+ Ke8 11. Bxc8 Rxc8 12. exf6 exf6 13. O-O Rd8 14.
Qb3 b5 15. Qe6+ Be7 16. Qxc6+ Kf8 17. Nxb5 a6 18. Nd4 g6 19. Ne6+ Kf7 20. Nxd8+
Rxd8 21. b3 Bd6 22. Bb2 Ke7 23. Rfd1 f4 24. Qe4+ Be5 25. exf4 Kf7 26. fxe5 Rxd1+
27. Rxd1 fxe5 28. Rd7+ Kg8 29. Qa8+ Qd8 30. Qxd8# 1-0

[Event "Challenge"]
[Site "http://www.queenalice.com/game.php?id=299599"]
[Date "2007.11.7"]
[Round "-"]
[White "biscoitolima"]
[Black "Saulo12"]
[Result "0-1"]
[WhiteElo "1063"]
[BlackElo "880"]

1. h4 e5 2. Nf3 d6 3. e4 Nf6 4. Qe2 Nc6 5. Nc3 Be6 6. g3 Nh5 7. b4 Nxb4 8. Qb5+
c6 9. Qxb7 Bd7 10. Qxb4 d5 11. Qb3 Be7 12. Nxe5 Be6 13. Nxc6 Qc7 14. Qb5 a6 15.
Qc5 Bxc5 16. exd5 Qe5+ 17. Nxe5 O-O 18. dxe6 fxe6 19. Bd3 Rxf2 20. g4 Ng3 21.
Rh3 Rg2 22. Nf3 Bf2+ 23. Kd1 Rf8 24. Ng5 Rg1+ 25. Bf1 Rxf1# 0-1

[Event "Challenge"]
[Site "http://www.queenalice.com/game.php?id=299600"]
[Date "2007.11.7"]
[Round "-"]
[White "biscoitolima"]
[Black "Saulo12"]
[Result "0-1"]
[WhiteElo "1034"]
[BlackElo "907"]

1. g4 c5 2. Na3 e5 3. Nc4 b5 4. Nxe5 f6 5. Nd3 Qe7 6. a4 bxa4 7. b3 axb3 8. cxb3
Nh6 9. Ba3 d6 10. h4 Nxg4 11. Rh3 Na6 12. Re3 Nxe3 13. dxe3 g5 14. h5 f5 15. Bh3
Bg7 16. Bxf5 Bxf5 17. Nf3 Bh3 18. Rb1 g4 19. Nd2 Qg5 20. b4 cxb4 21. Qa4+ Kd8
22. Qxa6 bxa3 23. Nf4 Rc8 24. Qxd6+ Ke8 25. Nxh3 gxh3 26. Rb7 Rc1# 0-1

[Event "Challenge"]
[Site "http://www.queenalice.com/game.php?id=300830"]
[Date "2007.11.9"]
[Round "-"]
[White "Saulo12"]
[Black "adriano_slater"]
[Result "1-0"]
[WhiteElo "951"]
[BlackElo "1376"]

1. e4 e6 2. b4 Bxb4 3. c3 Bc5 4. d4 Bb6 5. a4 Ba5 6. e5 d6 7. exd6 Qxd6 8. Nh3
Nc6 9. Be2 Nf6 10. Bf4 e5 11. Bg5 exd4 12. Bf4 Ne5 13. O-O O-O 14. Ng5 h6 15.
Nf3 Ne4 16. Nxe5 dxc3 17. Qxd6 cxd6 18. Nc4 Re8 19. Nxa5 b6 20. Nc6 Re6 21. f3
Nc5 22. Nxc3 Rf6 23. g3 Re6 24. Rad1 Bd7 25. Nd4 Rc8 26. Nxe6 Bxe6 27. Bxd6 Rd8
28. Be7 Rxd1 29. Rxd1 a6 30. Bxa6 Bd7 31. Ne4 Bxa4 32. Rd8+ Kh7 33. Nxc5 bxc5
34. Bd3+ g6 35. Bxc5 Bc6 36. Kg2 f5 37. Bc4 g5 38. Bg8+ Kg6 39. Rc8 Bb7 40. Rc7
Ba8 41. Bf8 g4 42. Bf7+ Kf6 43. Kf2 Bxf3 44. Bxh6 Ke5 45. Rc5+ Kd4 46. Bf8 Ke4
47. Bd5+ Kd4 48. Bxf3 gxf3 49. Kxf3 1-0

[Event "Challenge"]
[Site "http://www.queenalice.com/game.php?id=302415"]
[Date "2007.11.12"]
[Round "-"]
[White "dida"]
[Black "Saulo12"]
[Result "1-0"]
[WhiteElo "1370"]
[BlackElo "1043"]

1. e4 c5 2. Nc3 e5 3. Nd5 c4 4. Bxc4 a6 5. Nf3 b5 6. Bb3 Nf6 7. Nxf6+ Qxf6 8. d3
Bb4+ 9. Bd2 O-O 10. Bxb4 d6 11. h3 a5 12. c4 Na6 13. Bxa5 bxc4 14. Bxc4 Rb8 15.
g4 Rxb2 16. Bd5 Rb5 17. Bc3 Nc7 18. a4 Rc5 19. Bb4 Rb5 20. axb5 Nxb5 21. Ra5 Bd7
22. g5 Qf4 23. Ra8 Rxa8 24. Bxa8 Nd4 25. Nxd4 Qxg5 26. Bxd6 exd4 27. h4 Qa5+ 28.
Qd2 Qxa8 29. f4 Qa6 30. Ke2 Qxd6 31. e5 Qg6 32. Kd1 Bc6 33. Rf1 Qh5+ 34. Kc2
Qxh4 35. Rf2 Ba4+ 36. Kb2 Qh3 37. f5 Kf8 38. e6 fxe6 39. Qb4+ Ke8 40. Qxa4+ Kd8
41. Qxd4+ Ke7 42. Qa7+ Kf6 43. Qd4+ e5 44. Qd6+ Kg5 45. Qxe5 Kh6 46. f6 gxf6 47.
Qxf6+ Kh5 48. Rf5+ Kg4 49. Qg5# 1-0

[Event "game2"]
[Site "http://www.queenalice.com/game.php?id=305377"]
[Date "2007.11.17"]
[Round "-"]
[White "SotnasLeahcim"]
[Black "Saulo12"]
[Result "0-1"]
[WhiteElo "1091"]
[BlackElo "981"]

1. e4 c5 2. Nf3 Nf6 3. Nc3 e5 4. Nxe5 d6 5. Bb5+ Nfd7 6. Nxd7 Bxd7 7. Bxd7+ Nxd7
8. O-O h5 9. d4 cxd4 10. Qxd4 Qb6 11. Qxb6 axb6 12. Be3 Nc5 13. Rad1 g6 14. Bd4
f6 15. Bxf6 Rh6 16. Bg5 Rh7 17. Bf6 Kf7 0-1

[Event "Challenge"]
[Site "http://www.queenalice.com/game.php?id=306899"]
[Date "2007.11.20"]
[Round "-"]
[White "mandacaru"]
[Black "Saulo12"]
[Result "1-0"]
[WhiteElo "1561"]
[BlackElo "925"]

1. e4 Nf6 2. e5 Nd5 3. d4 Nc6 4. Bc4 e6 5. Nf3 Bb4+ 6. c3 Ba5 7. a4 d6 8. Bg5 f6
9. exf6 gxf6 10. Bh4 h5 11. O-O Bd7 12. b4 Bb6 13. a5 Nxa5 14. bxa5 Bxa5 15.
Rxa5 Rg8 16. Re1 Nxc3 17. Nxc3 d5 18. Bxd5 b6 19. Ra3 c6 20. Ba2 b5 21. Ne4 Rg4
22. Nxf6+ Kf7 23. Ne5+ Kg7 24. Nxh5+ Kh6 25. Bxd8 Rxd8 26. Qxg4 Be8 27. Nf6 b4
28. Qg5+ Kxg5 29. Rf3 c5 30. Bxe6 cxd4 31. Neg4 Kg6 32. Ne5+ Kg5 33. Rf5+ Kh6
34. Re4 Rc8 35. Rh4+ Kg7 36. Rh7+ Kf8 37. Nd5+ Bf7 38. Rfxf7+ Kg8 39. Ne7# 1-0

[Event "Challenge"]
[Site "http://www.queenalice.com/game.php?id=324969"]
[Date "2007.12.24"]
[Round "-"]
[White "Javi12358"]
[Black "Saulo12"]
[Result "1-0"]
[WhiteElo "1552"]
[BlackElo "981"]

1. d4 c6 2. e4 g6 3. Nc3 b5 4. d5 cxd5 5. Nxd5 b4 6. Nxb4 Qa5 7. Bd2 Nf6 8. Nd5
Nxe4 9. Bxa5 Nc6 10. Nc7+ Kd8 11. Nxa8+ Nxa5 12. Nh3 Bb7 13. Qg4 Bxa8 14. O-O-O
d5 15. Bb5 Nc4 16. Qd7# 1-0

[Event "Challenge"]
[Site "http://www.queenalice.com/game.php?id=331556"]
[Date "2008.1.6"]
[Round "-"]
[White "brennoemanuel"]
[Black "Saulo12"]
[Result "1-0"]
[WhiteElo "1348"]
[BlackElo "1040"]

1. e4 c5 2. Bd3 g6 3. b3 h5 4. Bb2 Bh6 5. Bxh8 f6 6. e5 d6 7. Bxg6+ Kf8 8. exf6
exf6 9. Bxh5 Nc6 10. Qf3 Nd4 11. Qc3 Bf5 12. Qc4 Bxc2 13. Qf7# 1-0

[Event "Challenge"]
[Site "http://www.queenalice.com/game.php?id=332372"]
[Date "2008.1.7"]
[Round "-"]
[White "julisses"]
[Black "Saulo12"]
[Result "1-0"]
[WhiteElo "1568"]
[BlackElo "1045"]

1. e4 g6 2. d4 c6 3. f4 Nf6 4. Nc3 Na6 5. e5 Nh5 6. f5 gxf5 7. Bc4 Nf4 8. Bxf4
c5 9. dxc5 Nxc5 10. Qh5 Qb6 11. Rd1 Qxb2 12. Nge2 a5 13. e6 dxe6 14. O-O Qxc2
15. Be3 b6 16. g4 Rg8 17. h3 fxg4 18. hxg4 a4 19. Qxf7# 1-0

[Event "Challenge"]
[Site "http://www.queenalice.com/game.php?id=336767"]
[Date "2008.1.15"]
[Round "-"]
[White "julianakp"]
[Black "Saulo12"]
[Result "1-0"]
[WhiteElo "1424"]
[BlackElo "1040"]

1. d4 c6 2. Nf3 g6 3. Ng5 Bh6 4. Nh3 Qa5+ 5. Bd2 Qa4 6. b3 Qxd4 7. e3 Qxa1 8.
Bc3 Qxa2 9. Bc4 b5 10. Bd3 g5 11. f4 f6 12. fxg5 fxg5 13. e4 Nf6 14. Rf1 1-0